Legislación publicitaria / (Record no. 60128)

MARC details
000 -LEADER
campo de control de longitud fija 00963nam a2200289 i 4500
001 - NÚMERO DE CONTROL
campo de control 60128
003 - IDENTIFICADOR DE NÚMERO DE CONTROL
campo de control ES-MaACL
005 - FECHA Y HORA DE LA ÚLTIMA TRANSACCIÓN
campo de control 20250827062609.0
007 - CAMPO FIJO DE DESCRIPCIÓN FÍSICA--INFORMACIÓN GENERAL
campo de control de longitud fija t|
008 - DATOS DE LONGITUD FIJA--INFORMACIÓN GENERAL
campo de control de longitud fija 031103s1985 sp ||||1| spa d
020 ## - NÚMERO INTERNACIONAL ESTÁNDAR DEL LIBRO
Número Internacional Estándar del Libro 84-309-1143-X
110 1# - ENTRADA PRINCIPAL--NOMBRE DE ENTIDAD CORPORATIVA
Nombre de entidad corporativa o nombre de jurisdicción como elemento de entrada España
9 (RLIN) 3622
240 10 - TÍTULO UNIFORME
Título uniforme Leyes, etc., de publicidad
245 10 - MENCIÓN DEL TÍTULO
Título Legislación publicitaria /
Mención de responsabilidad, etc. edición preparada por Carlos Lema Devesa ; con la colaboración de Jesús Gómez Montero y Sol Bacharach de Valera.
260 ## - PUBLICACIÓN, DISTRIBUCIÓN, ETC.
Lugar de publicación, distribución, etc. Madrid :
Nombre del editor, distribuidor, etc. Tecnos,
Fecha de publicación, distribución, etc. 1985.
300 ## - DESCRIPCIÓN FÍSICA
Extensión 329 p. ;
Dimensiones 17 cm.
490 1# - MENCIÓN DE SERIE
Mención de serie Biblioteca de textos legales
500 ## - NOTA GENERAL
Nota general Índices.
650 #7 - PUNTO DE ACCESO ADICIONAL DE MATERIA--TÉRMINO DE MATERIA
Término de materia o nombre geográfico como elemento de entrada Derecho de la publicidad
Fuente del encabezamiento o término embne
9 (RLIN) 172582
700 1# - ENTRADA AGREGADA--NOMBRE PERSONAL
Nombre de persona Lema Devesa, Carlos.
9 (RLIN) 71445
700 1# - ENTRADA AGREGADA--NOMBRE PERSONAL
Nombre de persona Gómez Montero, Jesús.
9 (RLIN) 58058
700 1# - ENTRADA AGREGADA--NOMBRE PERSONAL
Nombre de persona Bacharach de Valera, Sol.
9 (RLIN) 24465
830 1# - PUNTO DE ACCESO ADICIONAL DE SERIE-TÍTULO UNIFORME
Título uniforme Biblioteca de textos legales
9 (RLIN) 177271
852 ## - LOCALIZACIÓN
Ubicación ES-MaACL
Número de control de estantería L-10332
852 ## - LOCALIZACIÓN
Ubicación ES-MaACL
Número de control de estantería C-40768
Holdings
Estatus retirado Estado de pérdida Estado de daño No para préstamo Biblioteca de origen Biblioteca actual Ubicación en estantería Fecha de adquisición Fuente de adquisición Total de préstamos Signatura topográfica completa Código de barras Visto por última vez Precio de reemplazo Tipo de ítem Koha
        Biblioteca del Ateneo de Madrid Biblioteca del Ateneo de Madrid Depósito 2 17/01/2008     C-40768 1063068 23/02/2023 23/02/2023 Libro impreso
        Biblioteca del Ateneo de Madrid Biblioteca del Ateneo de Madrid Depósito 2 17/01/2008     L-10332 1063067 23/02/2023 23/02/2023 Libro impreso